Star Wars Ships By Owner - Statistics

General Stats
  • This quiz has been taken 68 times
  • The average score is 10 of 40
Answer Stats
Hint Answer % Correct
Boba/Jango Fett Slave 1
88%
Han Solo/Lando Millennium Falcon
66%
Imperial Pilot TIE Fighter
66%
Imperial Commander Star Destroyer
55%
Imperial Bomber TIE Bomber
55%
Grand Moff Tarkin Death Star
48%
Rebels(Ezra,Hera,Kanan) The Ghost
45%
Luke Skywalker(Hoth) Snowspeeder
39%
Imperial Pilot TIE Interceptor
39%
The Mandalorian(S1) Razor Crest
38%
Imperial Shuttle Pilot Imperial Shuttle
32%
Darth Vader(Flagship) Super Star Destroyer
32%
Admiral Ackbar Home One
30%
Obi Wan Kenobi Jedi Starfighter
29%
Grand Admiral Thrawn The Chimera
29%
Separatist Droid Vulture Droid
29%
Young Anakin/Mando(S3) N-1 Starfighter
27%
Rebels(Ezra,Hera,Kanan) The Phantom
27%
General Grievous(Flagship) The Malevolence
25%
Republic Admiral Venator
25%
Moff Gideon(Flagship) Light Cruiser
18%
Rebel Pilot A Wing Starfighter
16%
Count Dooku Solar Sailer
16%
Luke Skywalker X Wing Starfighter
16%
Rebel Bomber Y wing Starfighter
16%
Republic Bomber Y Wing Starfighter
16%
Rebel Pilot B Wing Starfighter
13%
Rebel Pilot( Rogue 1) U Wing Starfighter
13%
Republic Pilot(2) Republic Gunship
11%
Imperial Pilot(Rogue 1) TIE Striker
11%
Republic Pilot V Wing Starfighter
9%
Republic Pilot ARC-170 Starfighter
7%
First Order Admiral Dreadnaught
7%
General Grievous(Starfighter) Soulless One
7%
The Bad Batch The Marauder
7%
Republic Pilot V-19 Torrent
7%
Separatist Pilot Droid Droid Tri FIghter
4%
Anakin Skywalker(Clone Wars) The Twilight
4%
Republic Pilot Z 95 Headhunter
2%
Mandalorian Pilot/Fighter Gauntlet Starfighter
0%
No matching quizzes found
Score Distribution
Percent of People with Each Score
Percentile by Number Answered
Your Score History
You have not taken this quiz